El libro de San Michele

Պահպանված է:
Մատենագիտական մանրամասներ
Հիմնական հեղինակ: Munthe, Axel (autor)
Ձևաչափ: Գիրք
Լեզու:իսպաներեն
Հրապարակվել է: Santiago Empresa Letras 1930
Շարք:Los Grandes Escritores
Խորագրեր:
Ցուցիչներ: Ավելացրեք ցուցիչ
Չկան պիտակներ, Եղեք առաջինը, ով նշում է այս գրառումը!

MARC

LEADER 00000cam a2200000 a 4500
001 UCT5562
003 CL-VaPUC
008 961216e19300000CL |||||||||||||||||spa|d
082 0 4 |a 839.7  |b MUN  |2 21 
100 |a Munthe, Axel  |e autor  |9 527163 
245 1 3 |a El libro de San Michele 
300 |a 408 p 
942 |c BK 
945 |d 19961216 00:00:00  |a nastorga 
260 |a Santiago  |b Empresa Letras  |c 1930 
650 7 |a NOVELAS SUECAS  |2 CL-VaPUC  |9 345411 
583 |a last modification  |c 20130829 06:09:23  |k Rodrigo Vera 
490 0 |a Los Grandes Escritores 
999 |c 254466  |d 254464 
952 |0 0  |1 0  |4 0  |6 839_700000000000000_MUN_1930  |7 0  |8 A  |9 276159  |a BIBEDU  |b BIBEDU  |d 2019-11-19  |i 3259579  |o 839.7 MUN 1930  |p 3259579  |r 2019-11-19  |w 2019-11-19  |y BK  |k LIT 
952 |0 0  |1 0  |3 erb  |4 0  |6 839_700000000000000_MUN_1930  |7 0  |8 A  |9 276160  |a BIBEDU  |b BIBEDU  |d 2019-11-19  |i 4997239  |o 839.7 MUN 1930  |p 4997239  |r 2019-11-19  |w 2019-11-19  |y BK  |z Catalogado en:20130829  |k LIT